[Event "25. Alpenpokal 1999"]
[Site "Oberstdorf-Tiefenbach"]
[Date "1999.01.18"]
[Round "4"]
[White "Wicklund-Hansen, Richard"]
[Black "Merkel, Gerd"]
[Result "1/2-1/2"]
[WhiteElo "2025"]
[BlackElo "2081"]
[PlyCount "41"]

1. g3 g6 2. Bg2 Bg7 3. Nf3 Nf6 4. O-O d5 5. c4 c6 6. d3 O-O 7. Bf4 Bg4 8. cxd5
Nxd5 9. Bc1 e5 10. Qa4 Qd7 11. Nc3 Na6 12. Nxd5 cxd5 13. Qxd7 Bxd7 14. Rd1 Nb4
15. Bd2 Nc6 16. Ne1 Be6 17. Rac1 Rac8 18. Rc2 Nd4 19. Rxc8 Rxc8 20. e3 Nc6 21.
Rc1 1/2-1/2

[Event "25. Alpenpokal 1999"]
[Site "Oberstdorf-Tiefenbach"]
[Date "1999.01.19"]
[Round "5"]
[White "Feller, Josef"]
[Black "Daverkausen, Bernd"]
[Result "1-0"]
[WhiteElo "2185"]
[BlackElo "2250"]
[PlyCount "63"]

1. d4 Nf6 2. Nf3 g6 3. Bg5 Bg7 4. Nbd2 d5 5. e3 O-O 6. c3 Nbd7 7. b4 Re8 8. Be2
e5 9. Nb3 h6 10. Bh4 e4 11. Nfd2 Nf8 12. O-O Bf5 13. b5 h5 14. Nc5 c6 15. Nxb7
Qc7 16. bxc6 Qxc6 17. Nc5 N6d7 18. Nxd7 Qxd7 19. c4 Bh6 20. Bg3 Bg5 21. c5 Be7
22. h3 Nh7 23. Rb1 Qe6 24. Re1 Ng5 25. Bf1 h4 26. Bh2 Bd8 27. Qa4 a5 28. Rb7
Rc8 29. Reb1 Re7 30. Rb8 Kh7 31. Rxc8 Qxc8 32. Rb8 1-0

[Event "25. Alpenpokal 1999"]
[Site "Oberstdorf-Tiefenbach"]
[Date "1999.01.19"]
[Round "5"]
[White "Jolowicz, Matias"]
[Black "Spitaler, Juergen"]
[Result "0-1"]
[WhiteElo "2275"]
[BlackElo "1965"]
[PlyCount "91"]

1. e4 c6 2. d4 d5 3. Nd2 dxe4 4. Nxe4 Nf6 5. Nxf6+ gxf6 6. c3 Bf5 7. Nf3 e6 8.
g3 Bd6 9. Bh6 Nd7 10. Bg2 Qc7 11. O-O O-O-O 12. Nh4 Bg6 13. b4 e5 14. Qa4 Kb8
15. b5 c5 16. Bh3 Nb6 17. Qa5 Nd5 18. Qxc7+ Kxc7 19. dxc5 Bxc5 20. c4 Nc3 21.
Nf5 Ne2+ 22. Kh1 Nd4 23. Ne3 Be4+ 24. Bg2 Bxg2+ 25. Kxg2 f5 26. Nd5+ Kc8 27.
Rad1 Rd6 28. Rfe1 Rxh6 29. Rxe5 Re6 30. Re3 Rhe8 31. Red3 Nc2 32. R3d2 Re2 33.
Nf4 Rxd2 34. Rxd2 Nd4 35. Kh3 Ne6 36. Nd5 Ng5+ 37. Kg2 Ne4 38. Rc2 Nd6 39. Kf3
b6 40. Nf6 Re6 41. Nd5 h6 42. h4 Re4 43. Nf6 Rxc4 44. Re2 Ne4 45. Ng8 Bf8 46.
g4 0-1

[Event "25. Alpenpokal 1999"]
[Site "Oberstdorf-Tiefenbach"]
[Date "1999.01.19"]
[Round "5"]
[White "Moser, Wolfgang"]
[Black "Schulz, Toni"]
[Result "1-0"]
[WhiteElo "2078"]
[BlackElo "2030"]
[PlyCount "117"]

1. d4 Nf6 2. Nf3 g6 3. c4 Bg7 4. Nc3 O-O 5. e4 d6 6. Be2 e5 7. dxe5 dxe5 8. Bg5
c6 9. O-O Qc7 10. Qc2 Re8 11. Rfd1 Nbd7 12. Rd2 h6 13. Bh4 g5 14. Bg3 Nh5 15.
Rad1 Nf4 16. Bf1 Nf8 17. Bxf4 exf4 18. Nd4 Bxd4 19. Rxd4 Ng6 20. Rd6 Kg7 21. c5
Ne5 22. Ne2 f6 23. Nd4 Nf7 24. e5 Rxe5 25. Nf3 Bf5 26. Qc3 Nxd6 27. cxd6 Qd7
28. Nxe5 fxe5 29. Qxe5+ Kg6 30. h4 Re8 31. Qd4 b6 32. b4 Re4 33. Qc3 Re8 34. a4
Re6 35. Qd2 Re5 36. Bc4 b5 37. axb5 cxb5 38. Bb3 Be6 39. Bxe6 Rxe6 40. Qd4 Re8
41. Ra1 Re6 42. Ra6 Kh5 43. Qd1+ g4 44. Kh2 Kxh4 45. g3+ fxg3+ 46. fxg3+ Kh5
47. Qd3 Rf6 48. Ra5 a6 49. Rxa6 Qb7 50. Ra2 Qf7 51. Qxb5+ Kg6 52. Qd3+ Kg7 53.
Rd2 Qd7 54. Qd4 Kf7 55. Qd5+ Kf8 56. b5 h5 57. Qc6 Qf7 58. Qc8+ Kg7 59. Qc7 1-0

[Event "25. Alpenpokal 1999"]
[Site "Oberstdorf-Tiefenbach"]
[Date "1999.01.19"]
[Round "5"]
[White "Schlierkamp, Ferdinand"]
[Black "Wunderer, Eckard"]
[Result "0-1"]
[WhiteElo "2066"]
[BlackElo "1864"]
[PlyCount "78"]

1. e4 e5 2. f4 Bc5 3. Nf3 d6 4. c3 Nf6 5. d4 exd4 6. cxd4 Bb6 7. Bd3 Bg4 8. Be3
Nc6 9. Qa4 O-O 10. Nc3 Bd7 11. Qd1 Bg4 12. Bc2 Qe7 13. a3 Rad8 14. Qd3 g6 15.
O-O d5 16. e5 Ne4 17. Ne2 Bf5 18. Qd1 Na5 19. Bxe4 dxe4 20. Ne1 Nc4 21. Qc1
Nxe3 22. Qxe3 c5 23. d5 Rxd5 24. Kh1 c4 25. Qc3 Qc5 26. Ng3 e3 27. Nf3 Bd3 28.
Ng5 Bxf1 29. N3e4 Bxg2+ 30. Kxg2 Qc6 31. Nf6+ Kg7 32. Nxd5 Qxd5+ 33. Kg3 Bd4
34. Qb4 Bxe5 35. fxe5 Qxe5+ 36. Kg4 h5+ 37. Kf3 Qxg5 38. Re1 Qd5+ 39. Kg3 Qd2
0-1

[Event "25. Alpenpokal 1999"]
[Site "Oberstdorf-Tiefenbach"]
[Date "1999.01.19"]
[Round "5"]
[White "Wahl, Frithjof"]
[Black "Maugg, Ludwig"]
[Result "1/2-1/2"]
[WhiteElo "2044"]
[BlackElo "2160"]
[PlyCount "51"]

1. e4 c5 2. Nf3 Nc6 3. d4 cxd4 4. Nxd4 Nf6 5. Nc3 e5 6. Ndb5 d6 7. Bg5 a6 8.
Bxf6 gxf6 9. Na3 b5 10. Nd5 f5 11. exf5 Bxf5 12. c3 Bg7 13. Nc2 O-O 14. Nce3
Be6 15. g4 Ne7 16. Bg2 Rc8 17. O-O Nxd5 18. Bxd5 Bh6 19. Qf3 Qh4 20. Kh1 Bf4
21. h3 Bxe3 22. Bxe6 fxe6 23. Qxe3 Rc4 24. Qg3 Qxg3 25. fxg3 Re4 26. Rxf8+
1/2-1/2

[Event "25. Alpenpokal 1999"]
[Site "Oberstdorf-Tiefenbach"]
[Date "1999.01.19"]
[Round "5"]
[White "Wempe, Juergen"]
[Black "Michaelis, Nico"]
[Result "1/2-1/2"]
[WhiteElo "2200"]
[BlackElo "1941"]
[PlyCount "66"]

1. d4 d5 2. Nf3 c6 3. c3 Nf6 4. Bf4 Bf5 5. Qb3 Qb6 6. Nbd2 Nbd7 7. e3 e6 8. Be2
h6 9. O-O Be7 10. Rfc1 O-O 11. h3 Ne4 12. c4 Nxd2 13. Nxd2 Qxb3 14. axb3 a6 15.
c5 f6 16. Bh2 e5 17. b4 Rae8 18. Bf1 Bd8 19. Nb3 Rf7 20. Ra3 Nb8 21. Na5 Rfe7
22. Bd3 Bxd3 23. Rxd3 Bxa5 24. bxa5 Nd7 25. Kf1 exd4 26. Bd6 Ne5 27. Rxd4 Rd7
28. e4 Nc4 29. exd5 Nxa5 30. Ra4 Nb3 31. dxc6 bxc6 32. Rd1 Nxc5 33. Rad4 Nb7
1/2-1/2

[Event "25. Alpenpokal 1999"]
[Site "Oberstdorf-Tiefenbach"]
[Date "1999.01.19"]
[Round "5"]
[White "Winter, Rudolf"]
[Black "Johne, Siegfried"]
[Result "1-0"]
[WhiteElo "1735"]
[BlackElo "1902"]
[PlyCount "61"]

1. Nf3 d5 2. g3 b6 3. Bg2 Bb7 4. O-O e6 5. d3 Nf6 6. Nbd2 Bd6 7. Re1 O-O 8. e4
dxe4 9. dxe4 e5 10. Nh4 c5 11. Nc4 Bc7 12. Qe2 Nc6 13. c3 Qd7 14. Nf5 Qe6 15.
Rd1 Rad8 16. Bg5 h6 17. Bxf6 Qxf6 18. Nce3 Qe6 19. Qg4 Qg6 20. Qf3 Kh7 21. Nd5
Bd6 22. h4 f6 23. Rd2 Qf7 24. h5 Ne7 25. Rad1 Bc8 26. Bh3 Nxd5 27. Nxd6 Rxd6
28. Bxc8 Rxc8 29. Qf5+ g6 30. Qxc8 Ne7 31. hxg6+ 1-0

[Event "25. Alpenpokal 1999"]
[Site "Oberstdorf-Tiefenbach"]
[Date "1999.01.19"]
[Round "5"]
[White "Zunker, Reinhard"]
[Black "Radtke, Eduard"]
[Result "1-0"]
[WhiteElo "2205"]
[BlackElo "1993"]
[PlyCount "63"]

1. e4 e5 2. Nf3 Nc6 3. Bb5 a6 4. Ba4 Nf6 5. O-O Be7 6. Re1 b5 7. Bb3 d6 8. c3
Na5 9. Bc2 c5 10. h3 Qc7 11. d3 Nc6 12. Nbd2 O-O 13. Nf1 d5 14. Bg5 dxe4 15.
dxe4 Be6 16. Ne3 Rad8 17. Qe2 Nh5 18. Nd5 Bxd5 19. exd5 Bxg5 20. dxc6 Bf6 21.
Nxe5 g6 22. Nd7 Rfe8 23. Qf3 Bg7 24. Nxc5 Qd6 25. Nxa6 Rxe1+ 26. Rxe1 Qd2 27.
Rd1 Qg5 28. c7 Rf8 29. Qg4 Qe7 30. c8=Q f5 31. Bxf5 gxf5 32. Qxf8+ 1-0

[Event "25. Alpenpokal 1999"]
[Site "Oberstdorf-Tiefenbach"]
[Date "1999.01.20"]
[Round "6"]
[White "Feller, Josef"]
[Black "Zunker, Reinhard"]
[Result "1/2-1/2"]
[WhiteElo "2185"]
[BlackElo "2205"]
[PlyCount "43"]

1. e4 g6 2. d4 Bg7 3. Nf3 d6 4. Bc4 c6 5. Bb3 Nf6 6. Qe2 O-O 7. O-O a5 8. a4
Na6 9. Rd1 Qc7 10. Bf4 Nh5 11. Be3 e5 12. Na3 exd4 13. Bxd4 Bxd4 14. Nxd4 Nc5
15. f3 d5 16. exd5 Nxb3 17. Nxb3 Nf4 18. Qc4 Qb6+ 19. Qc5 Qxc5+ 20. Nxc5 Nxd5
21. Nc4 b6 22. Ne4 1/2-1/2

[Event "25. Alpenpokal 1999"]
[Site "Oberstdorf-Tiefenbach"]
[Date "1999.01.20"]
[Round "6"]
[White "Fischer, Ernst"]
[Black "Moser, Wolfgang"]
[Result "0-1"]
[WhiteElo "2050"]
[BlackElo "2078"]
[PlyCount "124"]

1. e4 d6 2. d4 Nf6 3. Bd3 g6 4. c3 Bg7 5. Nf3 O-O 6. O-O Bg4 7. Nbd2 e5 8. h3
Bxf3 9. Nxf3 Nbd7 10. Re1 c5 11. dxe5 Nxe5 12. Nxe5 dxe5 13. Bg5 Qc7 14. Qe2
Rad8 15. Rad1 Rd6 16. Bc2 Rfd8 17. Rxd6 Rxd6 18. Rd1 Qd7 19. f3 h6 20. Be3 b6
21. Rxd6 Qxd6 22. a4 Qc7 23. Qc4 Ne8 24. a5 Bf8 25. Ba4 Nd6 26. axb6 axb6 27.
Qd5 Nb7 28. Qc6 Qxc6 29. Bxc6 Nd6 30. Bd5 Kg7 31. Kf1 f5 32. Ke2 f4 33. Bf2 Kf6
34. Kd3 Ne8 35. Kc4 Nc7 36. Bc6 Ke6 37. b4 Kd6 38. Ba4 Ne6 39. Kb5 cxb4 40.
cxb4 Nd4+ 41. Kxb6 Be7 42. Be8 Bd8+ 43. Ka6 g5 44. Ba4 h5 45. Ka7 h4 46. Bxd4
exd4 47. b5 Kc5 48. e5 d3 49. Ka6 Kd5 50. b6 Kxe5 51. b7 Bc7 52. Ka7 Kd4 53.
b8=Q Bxb8+ 54. Kxb8 Ke3 55. Kc7 Kf2 56. Kd6 Kxg2 57. Ke5 Kxf3 58. Bd1+ Kg3 59.
Ke4 Kxh3 60. Kf3 g4+ 61. Kf2 f3 62. Bb3 Kh2 0-1

[Event "25. Alpenpokal 1999"]
[Site "Oberstdorf-Tiefenbach"]
[Date "1999.01.20"]
[Round "6"]
[White "Graf, Joachim"]
[Black "Wunderer, Eckart"]
[Result "1-0"]
[WhiteElo "2025"]
[BlackElo "1874"]
[PlyCount "57"]

1. d4 Nf6 2. Nf3 e6 3. c4 b6 4. g3 Ba6 5. Nbd2 Bb4 6. Qc2 Bb7 7. Bg2 O-O 8. O-O
d5 9. Ne5 Nbd7 10. Ndf3 Bd6 11. Bg5 Qe8 12. Rac1 Rc8 13. Rfd1 Ne4 14. Nxd7 Qxd7
15. Be3 c5 16. dxc5 bxc5 17. Ne1 f5 18. cxd5 exd5 19. Nd3 d4 20. Qc4+ Kh8 21.
Bf4 Qe7 22. Bxe4 fxe4 23. Bxd6 Qxd6 24. Nxc5 Qc6 25. Qxd4 e3 26. f3 Ba8 27. Nb3
Qh6 28. Rxc8 Rxc8 29. Qd8+ 1-0

[Event "25. Alpenpokal 1999"]
[Site "Oberstdorf-Tiefenbach"]
[Date "1999.01.20"]
[Round "6"]
[White "Herzog, Manfred"]
[Black "Hemmers, Johann-Gerhard"]
[Result "1/2-1/2"]
[WhiteElo "1764"]
[BlackElo "1901"]
[PlyCount "49"]

1. d4 Nf6 2. c4 e6 3. Nf3 d5 4. Bg5 Be7 5. Nc3 O-O 6. e3 h6 7. Bh4 b6 8. cxd5
exd5 9. Bd3 Bb7 10. Rc1 Ne4 11. Bxe7 Qxe7 12. O-O Nd7 13. Bb1 Rfc8 14. Qb3 Nxc3
15. Rxc3 c5 16. dxc5 Nxc5 17. Qc2 Ne4 18. Rxc8+ Rxc8 19. Qd3 Qb4 20. Qd4 Qxd4
21. Nxd4 Nd2 22. Rd1 Nc4 23. Rc1 Nxb2 24. Rxc8+ Bxc8 25. Nc6 1/2-1/2

[Event "25. Alpenpokal 1999"]
[Site "Oberstdorf-Tiefenbach"]
[Date "1999.01.20"]
[Round "6"]
[White "Kleifges, Matthias"]
[Black "Wahl, Frithjof"]
[Result "1-0"]
[WhiteElo "2010"]
[BlackElo "2044"]
[PlyCount "63"]

1. e4 g6 2. d4 Bg7 3. f4 d6 4. Nf3 c6 5. c3 Nf6 6. e5 Nd5 7. Bd3 O-O 8. O-O e6
9. Na3 Nb6 10. Nc2 c5 11. dxc5 dxc5 12. Be3 Qc7 13. c4 Rd8 14. Qe2 Na4 15. Nce1
Bd7 16. b3 Nb6 17. Qf2 Bf8 18. Ng5 Be8 19. Ne4 N8d7 20. g4 Be7 21. Rd1 Rac8 22.
g5 Nf8 23. Nf6+ Kh8 24. Qh4 Bc6 25. Nf3 Nbd7 26. Qh6 b6 27. Nh4 Nxe5 28. fxe5
Qxe5 29. Ng4 Qc3 30. Rxf7 Rxd3 31. Qxh7+ Nxh7 32. Nxg6+ 1-0

[Event "25. Alpenpokal 1999"]
[Site "Oberstdorf-Tiefenbach"]
[Date "1999.01.20"]
[Round "6"]
[White "Michaelis, Nico"]
[Black "Merkel, Gerd"]
[Result "0-1"]
[WhiteElo "1941"]
[BlackElo "2081"]
[PlyCount "60"]

1. d4 Nf6 2. Nf3 g6 3. Bg5 Bg7 4. Nbd2 d5 5. e3 O-O 6. Bd3 c5 7. c3 b6 8. Qe2
Bb7 9. O-O Ne4 10. Bf4 Nd7 11. Rac1 a6 12. c4 cxd4 13. exd4 Nxd2 14. Qxd2 dxc4
15. Bxc4 Rc8 16. Be2 Nf6 17. Be5 Nd5 18. Rxc8 Qxc8 19. Rc1 Qf5 20. Qc2 Rc8 21.
Qd2 Rxc1+ 22. Qxc1 Bxe5 23. Nxe5 Qe4 24. Bf3 Qxd4 25. Ng4 Nf4 26. Qe1 Bxf3 27.
gxf3 Qxb2 28. h4 h5 29. Nh6+ Kg7 30. Qxe7 Qf6 0-1

[Event "25. Alpenpokal 1999"]
[Site "Oberstdorf-Tiefenbach"]
[Date "1999.01.20"]
[Round "6"]
[White "Radtke, Eduard"]
[Black "Klempt, Guenter"]
[Result "1/2-1/2"]
[WhiteElo "1993"]
[BlackElo "2050"]
[PlyCount "94"]

1. e4 c5 2. Nf3 Nc6 3. d4 cxd4 4. Nxd4 g6 5. Nc3 Bg7 6. Be3 Nf6 7. Be2 O-O 8.
Nb3 a6 9. f4 d6 10. Bf3 Na5 11. Nxa5 Qxa5 12. O-O Bd7 13. Qd2 Rfe8 14. h3 Rad8
15. a3 Qc7 16. Qf2 Rc8 17. Rad1 Bc6 18. Bb6 Qb8 19. Qg3 Nd7 20. Be3 b5 21. Bd4
e5 22. Be3 exf4 23. Bxf4 Ne5 24. Kh1 b4 25. axb4 Qxb4 26. Bc1 Nc4 27. Nd5 Bxd5
28. Rxd5 Be5 29. Qf2 Rc7 30. c3 Qb3 31. Be2 Bg7 32. Bxc4 Qxc4 33. Rxd6 a5 34.
Be3 a4 35. Bd4 Bxd4 36. Rxd4 Qc6 37. Qf4 a3 38. bxa3 Qxc3 39. e5 Qxa3 40. e6
Qe7 41. Rd6 fxe6 42. Rxe6 Qxe6 43. Qxc7 Qe7 44. Qc4+ Kg7 45. Ra1 Qe5 46. Rf1
Qe4 47. Qc7+ Qe7 1/2-1/2

[Event "25. Alpenpokal 1999"]
[Site "Oberstdorf-Tiefenbach"]
[Date "1999.01.20"]
[Round "6"]
[White "Spurga, Josef"]
[Black "Wempe, Juergen"]
[Result "1-0"]
[WhiteElo "1914"]
[BlackElo "2200"]
[PlyCount "79"]

1. e4 c5 2. Nf3 Nf6 3. Nc3 e6 4. d4 cxd4 5. Nxd4 d6 6. Bg5 a6 7. Qd2 Be7 8. Be2
b5 9. a3 Bb7 10. f3 Nbd7 11. O-O Rc8 12. Rad1 O-O 13. Kh1 Re8 14. Qe1 Bf8 15.
Bh4 Qc7 16. Bd3 e5 17. Nf5 d5 18. exd5 g6 19. d6 Qc6 20. Ne7+ Bxe7 21. dxe7 Qe6
22. Ne4 Rxe7 23. Nxf6+ Nxf6 24. Bg5 Rd7 25. Qh4 Ne8 26. Rfe1 f6 27. Bd2 Ng7 28.
Bc3 Rcd8 29. Ba5 Rd4 30. Qf2 R8d7 31. Bc3 R4d5 32. Qe2 Nh5 33. Bd2 f5 34. a4 e4
35. fxe4 fxe4 36. axb5 axb5 37. Bxb5 Ng3+ 38. hxg3 Rh5+ 39. Kg1 Qb6+ 40. Be3
1-0

[Event "25. Alpenpokal 1999"]
[Site "Oberstdorf-Tiefenbach"]
[Date "1999.01.20"]
[Round "6"]
[White "Wicklund-Hansen, Richard"]
[Black "Jolowicz, Matias"]
[Result "1/2-1/2"]
[WhiteElo "2025"]
[BlackElo "2275"]
[PlyCount "56"]

1. Nf3 d5 2. c4 c6 3. g3 Bg4 4. Bg2 e6 5. Qa4 Nf6 6. cxd5 exd5 7. d4 Bd6 8. Nc3
Nbd7 9. Bg5 h6 10. Be3 O-O 11. O-O Re8 12. Rac1 Nb6 13. Qc2 Nc4 14. Bf4 Bxf4
15. gxf4 Nd6 16. Ne5 Bf5 17. Qd1 Nfe4 18. e3 Qh4 19. Nf3 Qe7 20. Ne5 f6 21.
Nxe4 Bxe4 22. Nf3 Qf7 23. Kh1 Re7 24. Rg1 Rae8 25. Nd2 Bxg2+ 26. Rxg2 Nf5 27.
Qg4 Qe6 28. Rcg1 Kh8 1/2-1/2

[Event "25. Alpenpokal 1999"]
[Site "Oberstdorf-Tiefenbach"]
[Date "1999.01.21"]
[Round "7"]
[White "Angerer, Martin"]
[Black "Pehlgrim, Andreas"]
[Result "0-1"]
[WhiteElo "1940"]
[BlackElo "2180"]
[PlyCount "64"]

1. e4 d6 2. d4 Nf6 3. Nc3 c6 4. f3 b5 5. Be3 Bb7 6. Qd2 Nbd7 7. O-O-O e5 8. h4
Be7 9. Nh3 Qa5 10. Kb1 b4 11. Ne2 Nb6 12. Nc1 exd4 13. Bxd4 c5 14. Nb3 Qa4 15.
Be3 O-O 16. Qf2 a5 17. Qg3 Rfd8 18. h5 Qc6 19. h6 g6 20. Nf2 Bc8 21. Bg5 Be6
22. Qh4 Nbd7 23. e5 dxe5 24. Ne4 Bxb3 25. axb3 a4 26. Bc4 axb3 27. cxb3 Ra7 28.
Rxd7 Rdxd7 29. Bxf6 Qa8 30. Bxe7 Ra1+ 31. Kc2 Rxh1 32. Qf6 Rc1+ 0-1

[Event "25. Alpenpokal 1999"]
[Site "Oberstdorf-Tiefenbach"]
[Date "1999.01.21"]
[Round "7"]
[White "Graf, Joachim"]
[Black "Kasueschke, Gregor"]
[Result "1/2-1/2"]
[WhiteElo "2025"]
[BlackElo "2097"]
[PlyCount "66"]

1. d4 d5 2. Nf3 Nf6 3. c4 c6 4. e3 e6 5. Bd3 dxc4 6. Bxc4 c5 7. O-O Nc6 8. Nc3
Be7 9. dxc5 Qxd1 10. Rxd1 Bxc5 11. b3 a6 12. Bb2 O-O 13. Rac1 Ba7 14. Bd3 Rd8
15. Ne4 Nxe4 16. Bxe4 Bd7 17. Ne5 Nxe5 18. Bxe5 Bc6 19. Bxc6 Rxd1+ 20. Rxd1
bxc6 21. Kf1 f6 22. Bb2 e5 23. Rd7 Bb6 24. Ke2 Ra7 25. Rd6 Rc7 26. Ba3 Kf7 27.
Kd3 Ba5 28. Bc5 Be1 29. Ke2 Bc3 30. Rd3 Ba1 31. Rd1 Bb2 32. Rb1 Bc3 33. Kd3 Ba5
1/2-1/2

[Event "25. Alpenpokal 1999"]
[Site "Oberstdorf-Tiefenbach"]
[Date "1999.01.21"]
[Round "7"]
[White "Jaeger, Erich"]
[Black "Herzog, Manfred"]
[Result "1/2-1/2"]
[WhiteElo "1910"]
[BlackElo "1764"]
[PlyCount "81"]

1. c4 Nf6 2. Nc3 d6 3. d4 g6 4. e4 Bg7 5. Be2 O-O 6. Bg5 h6 7. Bh4 c5 8. d5
Nbd7 9. f4 Qa5 10. Qd2 b5 11. cxb5 a6 12. bxa6 Bxa6 13. Bxa6 Rxa6 14. Nge2 Rb8
15. O-O Nxe4 16. Nxe4 Qxd2 17. Nxd2 Rxb2 18. Rad1 Raxa2 19. Be1 Nb6 20. Nc1 Ra3
21. Rf3 Bd4+ 22. Kf1 Rxf3+ 23. Nxf3 Nxd5 24. Rd2 Ne3+ 25. Ke2 Rxd2+ 26. Bxd2
Nxg2 27. Nxd4 cxd4 28. Kd3 Nh4 29. Kxd4 Nf3+ 30. Kd3 Nxd2 31. Kxd2 e5 32. Ke3
g5 33. fxe5 dxe5 34. Ke4 Kg7 35. Kf5 e4 36. Ne2 e3 37. Ng3 f6 38. Ke4 Kg6 39.
Kxe3 f5 40. Kf3 f4 41. Ne2 1/2-1/2

[Event "25. Alpenpokal 1999"]
[Site "Oberstdorf-Tiefenbach"]
[Date "1999.01.21"]
[Round "7"]
[White "Jolowicz, Matias"]
[Black "Kleifges, Matthias"]
[Result "0-1"]
[WhiteElo "2275"]
[BlackElo "2010"]
[PlyCount "46"]

1. d4 Nf6 2. Bg5 Ne4 3. Bf4 d5 4. f3 Nf6 5. e4 dxe4 6. Nc3 exf3 7. Nxf3 Bg4 8.
h3 Bxf3 9. Qxf3 c6 10. O-O-O e6 11. g4 Bd6 12. Be5 Qe7 13. Qg3 Bb4 14. Bxb8
Bxc3 15. Be5 Ne4 16. Bd6 Nxg3 17. Bxe7 Nxh1 18. Bh4 g5 19. Bxg5 Nf2 20. bxc3
Nxd1 21. Kxd1 h5 22. Be2 hxg4 23. Bxg4 f5 0-1

[Event "25. Alpenpokal 1999"]
[Site "Oberstdorf-Tiefenbach"]
[Date "1999.01.21"]
[Round "7"]
[White "Klempt, Guenter"]
[Black "Spurga, Josef"]
[Result "1-0"]
[WhiteElo "2050"]
[BlackElo "1914"]
[PlyCount "109"]

1. d4 d5 2. c4 c6 3. Nf3 Nf6 4. Nc3 dxc4 5. e4 e6 6. Bxc4 Be7 7. O-O O-O 8. Re1
Nbd7 9. Bg5 h6 10. Bh4 Re8 11. Rc1 b5 12. Bd3 Bb7 13. a3 a6 14. e5 Nd5 15. Nxd5
cxd5 16. Bxe7 Rxe7 17. Bb1 Nf8 18. Re3 Rc8 19. Rec3 Rec7 20. Rc5 Rc6 21. Qd3
R8c7 22. b4 Rc8 23. h3 Rxc5 24. Rxc5 Rxc5 25. dxc5 Bc6 26. Nd4 Qc7 27. f4 g6
28. h4 h5 29. Qg3 Be8 30. Qg5 Nh7 31. Qg3 Nf8 32. Bc2 Qe7 33. Bd1 Kh7 34. Kh2
f6 35. Kh3 fxe5 36. fxe5 Kh6 37. Qf4+ Kg7 38. Bc2 Nh7 39. Qg3 Qf7 40. c6 Kh6
41. Qe3+ Kg7 42. c7 Bd7 43. a4 bxa4 44. Bxa4 Bc8 45. b5 axb5 46. Nxb5 Qf5+ 47.
Kh2 Qg4 48. Qd4 Qe2 49. Nd6 g5 50. Nxc8 g4 51. Nd6 Qe1 52. g3 Qf1 53. Qf4 Qe2+
54. Kg1 Qe1+ 55. Kg2 1-0

[Event "25. Alpenpokal 1999"]
[Site "Oberstdorf-Tiefenbach"]
[Date "1999.01.21"]
[Round "7"]
[White "Malzer, Werner"]
[Black "Wempe, Juergen"]
[Result "0-1"]
[WhiteElo "1807"]
[BlackElo "2200"]
[PlyCount "76"]

1. e4 c5 2. Nf3 Nf6 3. Nc3 e6 4. d4 cxd4 5. Nxd4 d6 6. Be2 a6 7. O-O b5 8. a3
Bb7 9. Bg5 Be7 10. Bf3 Nbd7 11. Qe2 Ne5 12. Bxf6 Bxf6 13. Rfd1 O-O 14. Bg4 Re8
15. Bh3 Qb6 16. Na2 Nc4 17. c3 Rad8 18. a4 e5 19. Nf5 g6 20. Nh6+ Kg7 21. Ng4
Bg5 22. b3 Na5 23. Rab1 h5 24. Ne3 Bxe3 25. fxe3 Bxe4 26. Rb2 f5 27. c4 b4 28.
Nc1 Nb7 29. Kh1 Nc5 30. Rbd2 g5 31. Qxh5 Ne6 32. Qe2 Rh8 33. Kg1 Nf4 34. Qf2
Nxh3+ 35. gxh3 Rxh3 36. Re1 Rdh8 37. Na2 R8h4 38. Qe2 Rg4+ 0-1

[Event "25. Alpenpokal 1999"]
[Site "Oberstdorf-Tiefenbach"]
[Date "1999.01.21"]
[Round "7"]
[White "Merkel, Gerd"]
[Black "Maugg, Ludwig"]
[Result "0-1"]
[WhiteElo "2081"]
[BlackElo "2160"]
[PlyCount "46"]

1. d4 Nf6 2. c4 c5 3. d5 b5 4. cxb5 a6 5. f3 e6 6. e4 exd5 7. e5 Qe7 8. Qe2 Ng8
9. Nc3 Bb7 10. Nh3 c4 11. Nf2 Qc5 12. a3 axb5 13. b4 Qd4 14. Bb2 Qf4 15. Nxb5
Na6 16. g3 Qh6 17. Nd4 Ne7 18. f4 Nc7 19. f5 Nc6 20. Rd1 O-O-O 21. Nxc6 dxc6
22. e6 fxe6 23. fxe6 c5 0-1

[Event "25. Alpenpokal 1999"]
[Site "Oberstdorf-Tiefenbach"]
[Date "1999.01.21"]
[Round "7"]
[White "Moser, Wolfgang"]
[Black "Feller, Josef"]
[Result "0-1"]
[WhiteElo "2078"]
[BlackElo "2185"]
[PlyCount "104"]

1. d4 d5 2. Nf3 Nf6 3. c4 dxc4 4. Nc3 Nc6 5. e3 Bg4 6. Bxc4 e6 7. O-O Bb4 8. h3
Bh5 9. a3 Bxc3 10. bxc3 O-O 11. Bd3 e5 12. Be2 e4 13. Nd2 Bxe2 14. Qxe2 Re8 15.
c4 Qd7 16. Nb3 b6 17. Bb2 a5 18. Rac1 a4 19. Nd2 Na5 20. Bc3 Nb7 21. Rfd1 Qe7
22. Bb2 Ra5 23. Nb1 Rg5 24. Nc3 Qd7 25. Kh1 Nd6 26. c5 Nf5 27. c6 Qc8 28. Rg1
Nh4 29. g4 h5 30. Rg3 hxg4 31. Rcg1 Nf3 32. Qf1 Nxg1 33. Qxg1 Rh5 34. d5 Qf5
35. Ne2 Rxh3+ 36. Rxh3 gxh3 37. Nf4 Qg4 38. Bxf6 Qxg1+ 39. Kxg1 gxf6 40. d6
cxd6 41. Nd5 b5 42. c7 Kf8 43. Kh2 Rc8 44. Kxh3 Ke8 45. Kg4 Kd7 46. Kf5 Rxc7
47. Kxe4 Rc2 48. f4 Ra2 49. Nc3 Rxa3 50. Nxb5 Rb3 51. Nd4 Rb4 52. Kd3 Rxd4+ 0-1

[Event "25. Alpenpokal 1999"]
[Site "Oberstdorf-Tiefenbach"]
[Date "1999.01.21"]
[Round "7"]
[White "Spitaler, Juergen"]
[Black "Zunker, Reinhard"]
[Result "1/2-1/2"]
[WhiteElo "1965"]
[BlackElo "2205"]
[PlyCount "82"]

1. Nf3 Nf6 2. g3 g6 3. b3 Bg7 4. Bb2 O-O 5. Bg2 d6 6. d4 c5 7. c4 Na6 8. Nc3
Rb8 9. O-O Bg4 10. Nb5 Ra8 11. Ne1 Qc8 12. f3 Bh3 13. d5 Bxg2 14. Kxg2 Nc7 15.
Nxc7 Qxc7 16. e4 Nxd5 17. Qxd5 Bxb2 18. Rd1 Rab8 19. h4 Bd4 20. h5 e6 21. Qg5
f6 22. Qg4 f5 23. exf5 exf5 24. Qg5 Qd8 25. Qh6 Qe8 26. Nd3 Bg7 27. Qf4 Rf6 28.
Rfe1 Qf8 29. Qe3 b5 30. cxb5 gxh5 31. Qe7 Qxe7 32. Rxe7 Rf7 33. Re6 Bf8 34. a4
Re7 35. Rxe7 Bxe7 36. Nf4 h4 37. Nd5 Kf7 38. Nxe7 Kxe7 39. Rh1 Ke6 40. Rxh4 Rb7
41. Kf2 Ke5 1/2-1/2

[Event "25. Alpenpokal 1999"]
[Site "Oberstdorf-Tiefenbach"]
[Date "1999.01.22"]
[Round "8"]
[White "Demuth, Klaus"]
[Black "Herzog, Manfred"]
[Result "1/2-1/2"]
[WhiteElo "1850"]
[BlackElo "1764"]
[PlyCount "95"]

1. e4 g6 2. d4 Bg7 3. Nf3 d6 4. c4 Nf6 5. Nc3 O-O 6. Be2 e5 7. d5 Nbd7 8. O-O
Nc5 9. Nd2 a5 10. f3 a4 11. b4 axb3 12. Nxb3 Nxb3 13. Qxb3 Nd7 14. Be3 Nc5 15.
Qc2 Bd7 16. a4 f5 17. Rfd1 b6 18. Bxc5 bxc5 19. a5 fxe4 20. fxe4 Bh6 21. Qd3
Qg5 22. a6 Qe3+ 23. Kh1 Rfb8 24. Qxe3 Bxe3 25. Nb5 Bd4 26. Ra2 Rb6 27. Nxc7 Ra7
28. h3 Kf7 29. Rd3 Ke7 30. Rda3 Kd8 31. Nb5 Bxb5 32. cxb5 Kc7 33. Rf3 Rb8 34.
Raa3 Kb6 35. Rf6 Rd8 36. Raf3 Rad7 37. Rf7 c4 38. Bxc4 Kc5 39. Be2 Kb4 40. Rf1
Kc3 41. Bg4 Rxf7 42. Rxf7 Kd3 43. Bd7 Kxe4 44. Bc6 Kd3 45. a7 e4 46. a8=Q Rxa8
47. Bxa8 e3 48. Rf3 1/2-1/2

[Event "25. Alpenpokal 1999"]
[Site "Oberstdorf-Tiefenbach"]
[Date "1999.01.22"]
[Round "8"]
[White "Doehner, Hans-Juergen"]
[Black "Merkel, Gerd"]
[Result "0-1"]
[WhiteElo "2045"]
[BlackElo "2081"]
[PlyCount "40"]

1. e4 c6 2. d4 d5 3. exd5 cxd5 4. c4 Nf6 5. Nc3 g6 6. Bg5 Bg7 7. Nf3 Nbd7 8. c5
O-O 9. b4 Ne4 10. Nxd5 Nxg5 11. Nxg5 e6 12. Nf3 exd5 13. Be2 Nf6 14. O-O Ne4
15. Qb3 Bg4 16. Rfe1 Re8 17. Qc2 Ng5 18. a4 Bxf3 19. Bxf3 Nxf3+ 20. gxf3 Qh4
0-1